|
|
|
|
| LEADER |
00903nam a2200253 a 4500 |
| 001 |
1810089 |
| 008 |
090914s1980 enk b 001 0 eng d |
| 010 |
|
|
|a 79041819
|
| 020 |
|
|
|a 041673300X
|
| 020 |
|
|
|a 0416733107 (pbk.)
|
| 040 |
|
|
|a DLC
|c DLC
|d DLC
|
| 082 |
0 |
0 |
|a 370.19/346
|2 19
|
| 100 |
1 |
|
|a Nash, Roy,
|d 1943-
|
| 245 |
1 |
0 |
|a Schooling in rural societies /
|c Roy Nash.
|
| 260 |
|
|
|a London ;
|a New York :
|b Methuen,
|c 1980.
|
| 300 |
|
|
|a 160 p. ;
|c 19 cm.
|
| 490 |
0 |
|
|a Contemporary sociology of the school
|
| 504 |
|
|
|a Includes bibliography: [p. 150-158] and index.
|
| 541 |
1 |
|
|e 00006047
|
| 650 |
|
0 |
|a Education, Rural.
|
| 650 |
|
0 |
|a Education
|z Developing countries.
|
| 852 |
4 |
|
|a Ayesha Abed Library
|j General Shelf.
|
| 999 |
|
|
|c 4141
|d 4141
|
| 952 |
|
|
|0 0
|1 0
|2 ddc
|4 0
|6 370_193460000000000_RAS_1980
|7 0
|9 3813
|a BRACUL
|b BRACUL
|c GEN
|d 2009-10-03
|g 725.00
|l 0
|o 370.19346 RAS
|p 3010006047
|r 2009-10-03
|t 1
|w 2009-10-03
|y BK
|